Sociálne aspekty zvyšovania výkonnosti podniku
Salvato in:
| Autore principale: | |
|---|---|
| Altri autori: | |
| Natura: | Manoscritto Libro |
| Lingua: | slovacco |
| Pubblicazione: |
2017
|
| Soggetti: | |
| Accesso online: | http://is.stuba.sk/zp/portal_zp.pl?podrobnosti=121045 |
| Tags: |
Nessun Tag, puoi essere il primo ad aggiungerne!!
|
MARC
| LEADER | 00000ntm a22000003a 4500 | ||
|---|---|---|---|
| 001 | stuzp63811 | ||
| 003 | SK-STU | ||
| 005 | 20170624212852.7 | ||
| 007 | ta | ||
| 008 | 150427s2015----xo-----f-mn---000-0-slo-d | ||
| 040 | |a STU |b slo | ||
| 041 | 0 | |a slo | |
| 100 | 1 | |a Chudá, Martina |u 064000 |4 aut |U MTF Materiálovotechnologická fakulta |T MTF Ústav priemyselného inžinierstva a manažmentu |X 77370 |U M4000 |Y 84 |7 77370 | |
| 242 | 0 | 1 | |a Improvement social aspects of performance company |y eng |
| 245 | 1 | 0 | |a Sociálne aspekty zvyšovania výkonnosti podniku |
| 260 | |c 2017 | ||
| 650 | 4 | |a ľudské zdroje |2 slo | |
| 650 | 4 | |a organizácia |2 slo | |
| 650 | 4 | |a výkon |2 slo | |
| 650 | 4 | |a stabilizácia |2 slo | |
| 650 | 4 | |a human resources |2 eng | |
| 650 | 4 | |a organization |2 eng | |
| 650 | 4 | |a performance |2 eng | |
| 650 | 4 | |a stabilization |2 eng | |
| 700 | 1 | |a Sablik, Jozef |u 064000 |k Z1 |4 ths |U MTF Materiálovotechnologická fakulta |T MTF Ústav priemyselného inžinierstva a manažmentu |X 324 |U M4000 |Y 84 |7 A000000324 | |
| 856 | 4 | |u http://is.stuba.sk/zp/portal_zp.pl?podrobnosti=121045 | |
| 996 | |c M* BP-7963 |l MMSKP |s P |a 0 |w stuzp63811_0001 | ||